| 000 | 00554nam a2200157 a 4500 | ||
|---|---|---|---|
| 008 | 120416s1999 ||||||||||||||||| || u | ||
| 020 | _a0240803531 | ||
| 050 | _aPN 2091.E4 She | ||
| 100 | _aShelley, Steven Louis | ||
| 245 | 1 | 0 | _aApractical guide to stage lighting |
| 260 |
_aBoston: _bFocal Press _c1999 |
||
| 300 | _axxiv, 280p. : ill | ||
| 350 | _a0.00 | ||
| 650 | _aSTAGE LIGHTING | ||
| 995 |
_FCBU-MAIN LIBRARY (Kitwe) _I0.00 _M1 _UAVAILABLE _WNov 13, 2013 _ZMain Library Open Access Collection |
||
| 999 |
_c34678 _d34678 |
||